| 000 | 01123cam a2200241 4500 | ||
|---|---|---|---|
| 005 | 20171017151956.0 | ||
| 008 | 941205s1994 ck af r 00010 spa d | ||
| 040 |
_ala _cla _dCO-BoIAVH |
||
| 041 | 0 | _aspa | |
| 044 | _ack | ||
| 082 | 0 | 4 |
_a333.72 _bC82u |
| 110 | 2 | _aCorporación Autónoma Regional de Risaralda | |
| 245 | 1 | 0 |
_aUcumarí : _bun caso típico de la diversidad biótica andina / _cCorporación Autónoma Regional de Risaralda. |
| 260 |
_aPereira (Colombia) : _bCorporación Autónoma Regional de Risaralda : _bUniversidad Nacional de Colombia. Instituto de Ciencias Naturales, _c1994. |
||
| 300 |
_a451 páginas : _bilustraciones, láminas ; _c22 x 17 cm. |
||
| 504 | _aIncluye referencias biliográficas. | ||
| 650 | 2 | 6 |
_aBiodiversidad _zRegión andina (Colomibia) |
| 650 | 2 | 6 |
_aParques nacionales naturales _zRisaralda (Departamento, Colombia) |
| 650 | 2 | 6 |
_aConservación de la naturaleza _zRisaralda (Departamento, Colombia) |
| 651 | 4 |
_aParque Regional Natural Ucumarí _z Risaralda (Colombia) |
|
| 700 | 1 |
_aRangel Ch. J. Orlando. _eeditor |
|
| 942 |
_2ddc _cLIBRO |
||
| 999 |
_c931 _d931 |
||